| 000 | 00726nam a2200265 i 4500 | ||
|---|---|---|---|
| 001 | bg | ||
| 100 | 1 | _aKELLY, Gerald | |
| 245 | 1 | 0 |
_aHow to teach pronunciation / _cGerald Kelly. |
| 250 | _a7th impr. | ||
| 260 |
_aHarlow : _bLongman, _c2004. |
||
| 300 |
_aVI, 154 s. : _brys. ; _c25 cm + _eCD ROM. |
||
| 490 | 1 | _aHow To | |
| 504 | _aIndeks. | ||
| 650 | 9 |
_aJęzyk angielski _xnauczanie |
|
| 655 | _aPodręczniki akademickie | ||
| 830 | _aHow To | ||
| 020 | _a0582429757 | ||
| 040 | _cBPK | ||
| 041 | 0 | _aeng | |
| 080 | _a372.881.111.1(075.8) | ||
| 920 | _a0-58242975-7 | ||
| 942 | _cKS | ||
| 008 | s pl f |000 0 pol | ||
| 999 |
_c51349 _d51349 |
||
| 856 |
_uhttp://koha.tu.koszalin.pl/cgi-bin/koha/opac-detail.pl?biblionumber=51349 _yKatalog online BPK |
||